Ekonomie měnového kurzu I
Guardado en:
| Autor principal: | |
|---|---|
| Autor Corporativo: | |
| Otros Autores: | |
| Formato: | Libro |
| Lenguaje: | checo |
| Publicado: |
Praha
VŠE v Praze, Nakladatelství Oeconomica
2003
|
| Materias: | |
| Etiquetas: |
Sin Etiquetas, Sea el primero en etiquetar este registro!
|
MARC
| LEADER | 00000nam$a2200000$$$4500 | ||
|---|---|---|---|
| 001 | 0019302 | ||
| 005 | 20240223111522.6 | ||
| 020 | |a 80-245-0637-8 | ||
| 041 | 0 | |a cze | |
| 044 | |a CZ | ||
| 245 | 1 | 0 | |a Ekonomie měnového kurzu I |c Pavel Žamberský, Josef Taušer |
| 264 | 1 | |a Praha |b VŠE v Praze, Nakladatelství Oeconomica |c 2003 | |
| 300 | |a 60 s. | ||
| 610 | 2 | 0 | |a kurz menový |
| 610 | 2 | 0 | |a kurz menový reálny |
| 610 | 2 | 0 | |a parita sily kúpnej |
| 610 | 2 | 0 | |a parita sadzieb úrokových |
| 610 | 2 | 0 | |a monetarizmus |
| 610 | 2 | 0 | |a modely |
| 610 | 2 | 0 | |a trh devízový |
| 610 | 2 | 0 | |a trh menový |
| 610 | 2 | 0 | |a trh peňažný |
| 100 | 1 | |a Žamberský, Pavel | |
| 700 | 1 | |a Taušer, Josef | |
| 710 | 2 | |a Vysoká škola ekonomická v Praze. Fakulta mezinárodních vztahů | |